000 00828nas a2200277 4500
001 BR9605347
003 BR-BrBNA
005 20231205095827.0
007 ta
008 230509b bl.|||p| |||| 00| 00por d
040 _aBR-BrBNA
_bpor
_cBiblioteca Nacional de Agricultura
041 _a(Pt)
072 _aF04
100 1 _aOliveira, F.C.
100 1 _aMarques, M.O.
100 1 _aBellingieri, P.A.
100 1 _aPerecin, D.
245 1 _aLodo de esgoto como fonte de macronutrientes para a cultura do sorgo granifero
650 _aSorgo Granifero
650 _aRede de Esgoto
650 _aResiduo Organico
650 _aMacroelemento
773 0 _tScientia Agricola (Brazil)
_xISSN 0103-9016
_g(May-Aug 1995), v. 52(2) p. 360-367
_wBR9605347
909 _a202311
_bLúcia
_c55
_dLúcia Elande
942 _2AGRIS
_n0
_cANA
999 _c152932
_d152932